<?xml version="1.0" encoding="UTF-8"?>
<record
    xmlns:xsi="http://www.w3.org/2001/XMLSchema-instance"
    xsi:schemaLocation="http://www.loc.gov/MARC21/slim http://www.loc.gov/standards/marcxml/schema/MARC21slim.xsd"
    xmlns="http://www.loc.gov/MARC21/slim">

  <leader>01000nam a2200265Ia 4500</leader>
  <controlfield tag="003">IN-BaIIA</controlfield>
  <controlfield tag="008">211028s9999    xx            000 0 eng d</controlfield>
  <datafield tag="020" ind1=" " ind2=" ">
    <subfield code="a">951-45-3569-3</subfield>
  </datafield>
  <datafield tag="040" ind1=" " ind2=" ">
    <subfield code="c">IIA Library</subfield>
  </datafield>
  <datafield tag="080" ind1=" " ind2=" ">
    <subfield code="a">520.1(082.2)</subfield>
    <subfield code="b">NOR</subfield>
  </datafield>
  <datafield tag="111" ind1=" " ind2=" ">
    <subfield code="a">Nordic Astronomy Meeting</subfield>
    <subfield code="n">111th</subfield>
    <subfield code="c">University of Helsinki, Helsinki</subfield>
    <subfield code="d">1984 Sep. 3-5</subfield>
    <subfield code="9">14447</subfield>
  </datafield>
  <datafield tag="245" ind1=" " ind2="0">
    <subfield code="a">Nordic Astronomy</subfield>
    <subfield code="b">proceedings of the nordic Astronomy meeting, held in University of Helsinki, Helsinki, 3-5 Sep 1984</subfield>
    <subfield code="c">edited by K J Donner, Pasinetti, L. E and Davis A. G Philip</subfield>
  </datafield>
  <datafield tag="260" ind1=" " ind2=" ">
    <subfield code="a">Helsinki</subfield>
    <subfield code="b">University of Helsinki</subfield>
    <subfield code="c">1984</subfield>
  </datafield>
  <datafield tag="300" ind1=" " ind2=" ">
    <subfield code="a">viii, 243p.</subfield>
  </datafield>
  <datafield tag="650" ind1=" " ind2=" ">
    <subfield code="a">Astronomy</subfield>
    <subfield code="9">80</subfield>
  </datafield>
  <datafield tag="650" ind1=" " ind2=" ">
    <subfield code="a">Astronomy and Astrophysics thesaurus</subfield>
  </datafield>
  <datafield tag="650" ind1=" " ind2=" ">
    <subfield code="a">Astrophysics</subfield>
    <subfield code="9">794</subfield>
  </datafield>
  <datafield tag="650" ind1=" " ind2=" ">
    <subfield code="a">Galaxies -- Congresses</subfield>
    <subfield code="9">14448</subfield>
  </datafield>
  <datafield tag="650" ind1=" " ind2=" ">
    <subfield code="a">Stars -- Evolution -- Congresses</subfield>
    <subfield code="9">14449</subfield>
  </datafield>
  <datafield tag="700" ind1=" " ind2=" ">
    <subfield code="a">Donner, K J., ed.</subfield>
    <subfield code="9">14450</subfield>
  </datafield>
  <datafield tag="700" ind1=" " ind2=" ">
    <subfield code="a">Pasinetti, L. E., ed.</subfield>
    <subfield code="9">14451</subfield>
  </datafield>
  <datafield tag="700" ind1=" " ind2=" ">
    <subfield code="a">Philip, Davis A. G., ed.</subfield>
    <subfield code="9">10534</subfield>
  </datafield>
  <datafield tag="710" ind1=" " ind2=" ">
    <subfield code="a">IAU</subfield>
    <subfield code="9">14452</subfield>
  </datafield>
  <datafield tag="942" ind1=" " ind2=" ">
    <subfield code="c">BK</subfield>
  </datafield>
  <datafield tag="999" ind1=" " ind2=" ">
    <subfield code="c">8610</subfield>
    <subfield code="d">8610</subfield>
  </datafield>
  <datafield tag="952" ind1=" " ind2=" ">
    <subfield code="0">0</subfield>
    <subfield code="1">0</subfield>
    <subfield code="4">0</subfield>
    <subfield code="7">0</subfield>
    <subfield code="a">BAN</subfield>
    <subfield code="b">BAN</subfield>
    <subfield code="c">GEN</subfield>
    <subfield code="d">1986-02-13</subfield>
    <subfield code="l">0</subfield>
    <subfield code="o">520.1(082.2)/ NOR</subfield>
    <subfield code="p">9482</subfield>
    <subfield code="r">2021-11-05</subfield>
    <subfield code="w">1986-02-13</subfield>
    <subfield code="y">BK</subfield>
  </datafield>
</record>
